00799nam a2200145Ia 4500008004100000020001800041100005000059245011400109260002700223650024000250650000800490856004300498999001900541952009300560171212s9999 xx 000 0 und d a9780833037404 aKlitgaard, Robert;Light, Paul C.;Dumond, John cKlitgaard, Robert;Light, Paul C.;Dumond, JohnaHigh-Performance GovernmentbStructure, Leadership, Incentives bRAND Corporationc2005 aGovernment productivity -- United States; Political planning -- United States; Organizational change -- United States; Administrative agencies -- United States -- Reorganization; Executive departments -- United States -- Reorganization aLaw uwww.jstor.org/stable/10.7249/mg256prgs c352140d352140 001040aCLbCLd2017-12-12l0oJK468.P75K585 2005r2017-12-12 00:00:00w2017-12-12yCBE